| 000 | 01102cam a22003134a 4500 | ||
|---|---|---|---|
| 001 | 15806218 | ||
| 005 | 20240902154212.0 | ||
| 008 | 090707s2009 cc a 000 0 eng | ||
| 010 | _a 2009446772 | ||
| 020 | _a9787508513232 | ||
| 040 |
_aDLC _cDLC |
||
| 041 | 1 |
_aeng _hchi |
|
| 050 | 0 | 0 |
_aBL1825 _b.C41213 2009 |
| 082 |
_a398.2095 _bPEN |
||
| 100 | 1 |
_aChen, Lianshan. _9125590 |
|
| 240 | 1 | 0 |
_aZhongguo shen hua chuan shuo. _lEnglish |
| 245 | 1 | 0 |
_aChinese myths & legends : _blegends of the universe, deities and heroes / _cChen Lianshan ; translated by Zhang Fengru & Chen Shanshan. |
| 250 | _a1st ed. | ||
| 260 |
_aBeijing : _bChina Intercontinental Press, ; _c2009. |
||
| 300 |
_a143 : _bill. (some col.) ; _c23 cm. |
||
| 490 | 0 | _aCultural China series | |
| 563 | _aPaperback. | ||
| 650 | 0 |
_aMythology, Chinese. _9125591 |
|
| 650 | 0 |
_aLegends _zChina. _9125592 |
|
| 650 | 0 |
_aFolklore _zChina. _912668 |
|
| 906 |
_a7 _bcbc _corignew _d3 _encip _f20 _gy-gencatlg |
||
| 942 |
_2ddc _cBK |
||
| 999 |
_c611328 _d611328 |
||